00927nam a22002417a 450000500170000001000150001702000260003203500140005803700090007208200190008124501080010025000060020826000500021427000480026430000280031270000320034070000360037270000330040870000330044194200300047499900190050495201620052320250804123750.0 aENG-146330 a9789389934694c795.00 aEN-129862 bDBAD a338.502465821 aRecent Technological Advancements in Finance, Economics and Management/cEdited By B.B.Tiwari...[et.al] a1 aNew DelhibAllied Publishers Pvt. Ltd. c2025 a1/13-14, Asaf Ali Road, bNew Delhie110002 axxxvii, 234p.c24cm(hb) aTiwari, B.B.eEditor983682 aS. Ranjith KumareEditor983683 aSyed, RajeenaeEditor983684 aReddy, EshwareEditor983685 2ddccENh338.5024658mREC c212852d212852 001040708NFICaBL1bBL1d2025-08-04eDelivery of Books Act Divisiong795.00l0o338.5024658 RECpEN-129862r2025-08-04 00:00:00t1v795.00w2025-08-04yEN